| 000 | 00931nam a2200301 a 4500 | ||
|---|---|---|---|
| 001 | 86139 | ||
| 003 | BD-RjUL | ||
| 005 | 20260126104120.0 | ||
| 008 | 250126s1975 ii a b 000 0 eng | ||
| 020 |
_a0842608192 : _cRs. 35.00 |
||
| 020 | _a9780842608190 | ||
| 035 | _a(BD-RjUL)86139 | ||
| 040 |
_aDLC _cDLC _dDLC _dBD-RjUL _beng |
||
| 041 | _aeng | ||
| 082 | 0 | 0 |
_223 _a891.21009 _bJHF 1975 |
| 100 | 1 |
_aJha, Kalanath, _d1934- _917637 |
|
| 245 | 1 | 0 |
_aFigurative poetry in Sanskrit literature / _cKalanath Jha. |
| 250 | _a1st ed. | ||
| 260 |
_aDelhi : _bMotilal Banarsidass, _c1975. |
||
| 300 |
_axv, 212 p. : _bill. ; _c22 cm. |
||
| 336 |
_atext _btxt _2rdacontent |
||
| 337 |
_aunmediated _bn _2rdamedia |
||
| 338 |
_avolume _bnc _2rdacarrier |
||
| 504 | _aBibliography: p. [191]-194. | ||
| 650 | 0 |
_aSanskrit poetry _xHistory and criticism. _917638 |
|
| 650 | 0 |
_aSanskrit language _xFigures of speech. _917639 |
|
| 942 |
_2ddc _cBK |
||
| 999 |
_c86139 _d86139 |
||